Catálogo público

Identificación de razas fisiológicas de puccinia triticina E. en triticum aestivum L. mediante plantas diferenciales / (Record no. 219502)

MARC details
000 -CABECERA
campo de control de longitud fija 02464nam a2200289 a 4500
003 - IDENTIFICADOR DEL NÚMERO DE CONTROL
campo de control OSt
005 - FECHA Y HORA DE LA ÚLTIMA TRANSACCIÓN
campo de control 20251111105302.0
007 - CAMPO FIJO DE DESCRIPCIÓN FÍSICA--INFORMACIÓN GENERAL
campo de control de longitud fija cr ||||||a|c|a
008 - DATOS DE LONGITUD FIJA--INFORMACIÓN GENERAL
campo de control de longitud fija 231206s2019 mx a|||fom||| 001 0 spa d
040 ## - FUENTE DE LA CATALOGACIÓN
Normas de descripción rda
100 1# - ENTRADA PRINCIPAL--NOMBRE DE PERSONA
9 (RLIN) 188413
Nombre de persona Vásquez Caballero, Heliberto
245 10 - MENCIÓN DE TÍTULO
Título Identificación de razas fisiológicas de puccinia triticina E. en triticum aestivum L. mediante plantas diferenciales /
Mención de responsabilidad, etc. por Heliberto Vásquez Caballero; director de tesis Santos Gerardo Leyva Mir.
264 #1 - PRODUCCIÓN, PUBLICACIÓN, DISTRIBUCIÓN, FABRICACIÓN Y COPYRIGHT
Producción, publicación, distribución, fabricación y copyright Chapingo, México :
Nombre del de productor, editor, distribuidor, fabricante El autor,
Fecha de producción, publicación, distribución, fabricación o copyright 2019.
300 ## - DESCRIPCIÓN FÍSICA
Extensión 1 recurso en línea (65 páginas):
Otras características físicas cuadros, figuras.
336 ## - TIPO DE CONTENIDO
Fuente rdacontent
Término de tipo de contenido texto
Código de tipo de contenido txt
337 ## - TIPO DE MEDIO
Fuente rdamedia
Nombre/término del tipo de medio computadora
Código del tipo de medio c
338 ## - TIPO DE SOPORTE
Fuente rdacarrier
Nombre/término del tipo de soporte recurso en línea
Código del tipo de soporte cr
502 ## - NOTA DE TESIS
Tipo de título Ingeniero Agrónomo Especialista en Parasitología Agrícola
Nombre de la institución que otorga el título Departamento de Enseñanza, Investigación y Servicio en Parasitología Agrícola,
Año de obtención del título 2019.
Información miscelánea Licenciatura
504 ## - NOTA DE BIBLIOGRAFÍA, ETC.
Nota de bibliografía, etc. Incluye referencias bibliográficas: páginas 60-65.
520 ## - SUMARIO, ETC.
Sumario, etc. La roya de la hoja causada por el hongo Puccinia triticina E. es una enfermedad común e importante del trigo harinero (Triticum aestivum) en México, la población de esta enfermedad es altamente variable y las razas del patógeno se incrementan en frecuencia paralelamente al incremento del área de los cultivares susceptibles. Para identificar las razas fisiológicas de la roya en trigo harinero en zonas productoras de Coahuila, Tamaulipas y Sonora se colectaron 190 muestras de lotes comerciales, viveros trampa y ensayos de rendimiento, estas muestras se llevaron al Laboratorio Nacional de Royas y Otras Enfermedades de Cereales (LANAREC) está ubicado en Campo Experimental Valle de México (CEVAMEX) del Instituto Nacional de Investigaciones Forestales, Agrícolas y Pecuarias (INIFAP). Para identificar las razas fisiológicas se usaron 20 diferenciales. Los resultados permitieron identificar 19 razas; la más frecuente fue MRT/RP (14.92%) seguida de MST/SP (10.44%), mientras que las razas en menos proporción fueron MBG/BL, MDH/SP y MLG/RP (1.49%). La raza MKT/SP y MRT/RP fueron las más distribuidas. Todas las razas fueron virulentas para el gen Lr10, pero avirulenta para el gen Lr19.
650 #4 - PUNTO DE ACCESO ADICIONAL DE MATERIA--TÉRMINO DE MATERIA
9 (RLIN) 115018
Término de materia o nombre geográfico como elemento de entrada Trigo
Subdivisión general Enfermedades por hongos
650 #7 - PUNTO DE ACCESO ADICIONAL DE MATERIA--TÉRMINO DE MATERIA
9 (RLIN) 188414
Término de materia o nombre geográfico como elemento de entrada Roya del trigo
Subdivisión general Identificación
650 #7 - PUNTO DE ACCESO ADICIONAL DE MATERIA--TÉRMINO DE MATERIA
9 (RLIN) 188415
Término de materia o nombre geográfico como elemento de entrada Puccinia triticiana
Subdivisión general Identificación
Subdivisión geográfica México
700 1# - PUNTO DE ACCESO ADICIONAL--NOMBRE DE PERSONA
Nombre de persona Leyva Mir, Santos Gerardo
Término indicativo de función/relación director.
9 (RLIN) 66581
856 ## - LOCALIZACIÓN Y ACCESO ELECTRÓNICOS
Identificador Uniforme del Recurso http://10.13.5.2/tesis/tl/Vasquez_Caballero_Heriberto.pdf
Nota pública DESCARGAR PDF
942 ## - ELEMENTOS DE PUNTO DE ACCESO ADICIONAL (KOHA)
Fuente del sistema de clasificación o colocación Clasificación Universidad Autónoma Chapingo
Tipo de ítem Koha Tesis digital
Holdings
Estado de retiro Estado de pérdida Fuente del sistema de clasificación o colocación Estado dañado Restricciones de uso No para préstamo Código de colección Localización permanente Ubicación/localización actual Ubicación en estantería Fecha de adquisición Total de préstamos Signatura topográfica completa Fecha visto por última vez Precio válido a partir de Tipo de ítem Koha
    Clasificación Universidad Autónoma de Chapingo   Préstamo interno   Tesis digitales de Licenciatura Biblioteca Digital Biblioteca Digital En línea 06/12/2023   Tesis digital 06/12/2023 06/12/2023 Tesis digital